| 000 | 00656nam a2200205 a 4500 | ||
|---|---|---|---|
| 001 | 000009752 | ||
| 005 | 20240412074213.0 | ||
| 008 | 091001s1998 dr 000 p spa d | ||
| 040 |
_aDO-SdBNP _bspa _cBNPHU |
||
| 082 |
_aRD861.44 _bB844p |
||
| 100 | 1 |
_aBretón, Lissette _924656 |
|
| 245 | 1 | 0 |
_aPoemas para mil y un hombre / _cLissette Bretón ; prólogo Marcelino Ozuna. |
| 260 |
_aSanto Domingo : _bBúho, _c1998. |
||
| 300 |
_a74 p. ; _c21 cm. |
||
| 590 | _aInventariado, 2018/LP | ||
| 650 | 0 |
_aPoesía dominicana _966 |
|
| 650 | 0 |
_aLiteratura dominicana. _967 |
|
| 700 | 1 | 2 |
_aOzuna, Marcelino, _epról. _924657 |
| 910 | _aValidado. Control de calidad MFF | ||
| 999 |
_c9512 _d9512 |
||